Países con nombres compuestos y un infiltrado - Estadísticas

Estadísticas generales
  • Esta prueba ha sido intentada 218 veces
    206 desde el último reinicio
  • La puntuación promedio es 32 de 49
Estadísticas de respuestas
Hint Respuesta % Correcto
Reino de la Península Arábiga enfrentado tradicionalmente con Irán. Arabia Saudita
80%
Archipiélago descubierto por los portugueses frente a la costa senegalesa. Cabo Verde
80%
Comparte con Haití la isla más poblada de América y la segunda más grande del Caribe. República Dominicana
80%
Este país, que alberga la Santa Sede de la Iglesia Católica, es el único estado enclavado totalmente dentro de una ciudad. Estado de la Ciudad del Vaticano
79%
Kim Il-sung, Kim Jong-il y Kim Jong-un han gobernado (y éste último aún gobierna) este país con mano férrea e implacable. República Popular Democrática de Corea
79%
Antigua república yugoslava con un pasado reciente de guerra y limpieza étnica. Bosnia y Herzegovina
78%
Hoy en día dramáticamente enfrentados, este país estuvo unificado hasta 1945 con su vecino del norte. República de Corea
78%
República compuesta por 50 estados y un distrito federal. Estados Unidos de América
77%
Es el único país africano cuyo idioma oficial es el español, según su constitución. Guinea Ecuatorial
77%
Entre los años 1971 y 1997, periodo de larga dictadura, este país centroafricano fue conocido como Zaire. República Democrática del Congo
77%
Los franceses lo llamaron así por el intenso comercio de colmillos de elefantes. Hoy en dia exportan cacao y café. Costa de Marfil (Côte d'Ivoire)
76%
Es el país más extenso del mundo y comparte frontera con 16 países vecinos. Federación de Rusia
74%
A pesar de ser conocido por sus indígenas maoríes, la mayor parte de su población es de ascendencia europea. Nueva Zelanda
74%
Es el único país de Oceanía con frontera terrestre. De hecho, como curiosidad, comparte isla con un país asiático. Papúa Nueva Guinea
74%
Al ser durante el siglo XX una colonia francesa, su idioma oficial es el francés, junto al kikongo y al lingala. República del Congo
74%
Conocida como "La isla de los mil nombres" o "La lágrima de India", durante su colonización se llamó Ceilán. Sri Lanka
74%
País europeo constituido por 4 naciones. Aunque tiene carácter eminentemete insular, comparte frontera física con otro país. Reino Unido de Gran Bretaña e Irlanda del Norte
73%
Con capital en Yuba, en el 2011 consiguió su independencia de sus vecinos del norte. Sudán del Sur
73%
Históricamente a caballo entre el gobierno francés y el británico, su nombre proviene de una Santa nacida en Siracusa. Santa Lucía
71%
Una cuarta parte de este país europeo está situado al nivel del mar o incluso por debajo. Países Bajos
70%
Según Reporteros sin Fronteras, es el país con mayor libertad de prensa de Latinoamérica. Costa Rica
69%
Archipiélago del Caribe cuya isla principal está localizada a 11km de la costa venezolana. Trinidad y Tobago
69%
País más pequeño de América, se compone de 2 islas descubiertas por Cristóbal Colón en su segundo viaje. San Cristóbal y Nieves
68%
Su nombre se lo dio Cristóbal Colón en honor a una Virgen de la Catedral de Sevilla. Antigua y Barbuda
67%
En este país asiático la explotación de petróleo y gas representa el 20% de su PIB. Emiratos Árabes Unidos
67%
Esta antigua república yugoslava es firme candidata a incorporarse a la Unión Europea en un futuro. Ex República Yugoslava de Macedonia
67%
Este país sudamericano cuenta con las mayores reservas de petróleo a nivel mundial, además de gas natural y oro. República Bolivariana de Venezuela
67%
Aunque este pequeñísimo país no tiene salida al mar, está situado a tan sólo 10km del Mar Adriático. San Marino
67%
Este archipiélago del Pacífico está compuesto por 607 islas. Estados Federados de Micronesia
66%
País con mayor densidad de población de todo el continente americano (310 hab/km²) El Salvador
65%
Antes de que Cristóbal Colón desembarcara en estas islas y les diera el nombre actual, los indígenas que habitaban la isla principal lo llamaban Youloumain. San Vicente y las Granadinas
65%
Primer país independizado en el siglo XXI y único país de Asia con el portugués como lengua oficial. Timor-Leste
63%
Llamada antiguamente Persia, junto a Irak es el hogar de las civilizaciones más antiguas. República Islámica del Irán
62%
Su nombre resulta de la unión en 1964 de 2 antiguos estados: Tanganica y Zanzíbar. República Unida de Tanzania
62%
País oceánico en peligro de desaparecer por la subida del nivel del mar, ya que tiene una altura máxima de 8 metros. Islas Marshall
61%
Regado por los ríos Ugandi y Chari, este país se encuentra entre los 10 más pobres de África. República Centroafricana
61%
Localizado en el Golfo de Guinea, es el país más pequeño de África. Santo Tomé y Príncipe
60%
En 2010 fue el país con mayor consumo medio de cerveza del mundo (132 litros por habitante al año). República Checa
59%
País principalmente fundado por esclavos liberados, que le dieron el nombre de Freetown a su capital. Sierra Leona
59%
Al pertenecer a la Commonwealth, la Reina Isabel II es también reina de estas islas del Pacífico. Islas Salomón
58%
Este país se disolvió en 1991 para dar lugar a 15 repúblicas independientes y 4 estados más no reconocidos internacionalmente. Unión de Repúblicas Socialistas Soviéticas
57%
Aunque es el único país del sudeste asiático sin salida al mar, gracias a las aguas del río Mekong su alimentación más habitual es arroz y pescado. República Democrática Popular Lao
54%
El nombre de este país africano sin salida al mar significa "Patria de hombres íntegros". Burkina Faso
52%
Su territorio aloja las cumbres más altas de la Tierra (7 ochomiles). República Federal Democrática de Nepal
52%
Su extensa superficie se extiende desde los Andes centrales hasta la Amazonía. Estado Plurinacional de Bolivia
50%
El calabash es el instrumento musical más popular de este país del Este de África. Guinea Bissau
50%
Pequeño estado del sudeste asiático ubicado en la Isla de Borneo. Brunei Darussalam
48%
Su mayor baluarte arqueológico y turístico es la antigua ciudad de Palmira, declarada por la Unesco como Patrimonio de la Humanidad en Peligro. República Árabe Siria
43%
País europeo y ex-soviético, sin salida al mar, aunque está a 100km del Mar Negro. República de Moldavia
43%
No se encontraron pruebas coincidentes
Distribución de puntuación
Porcentaje de gente con cada puntuación
Porcentaje por número respondido
Historial de tus puntuaciones
No has intentado esta prueba desde el último reinicio